Premier League Table - 2020/21 - Statistics

General Stats
  • This quiz has been taken 32 times
  • The average score is 19 of 20
Answer Stats
Placement Club % Correct
8 Arsenal
100%
11 Aston Villa
100%
4 Chelsea
100%
5 Leicester City
100%
1 Manchester City
100%
2 Manchester United
100%
7 Tottenham Hotspur
100%
6 West Ham United
100%
10 Everton
97%
18 Fulham
97%
3 Liverpool
97%
9 Leeds United
94%
12 Newcastle United
94%
15 Southampton
90%
13 Wolverhampton Wanderers
90%
17 Burnley
84%
14 Crystal Palace
84%
19 West Bromwich Albion
84%
16 Brighton & Hove Albion
81%
20 Sheffield United
77%
No matching quizzes found
Score Distribution
Percent of People with Each Score
Percentile by Number Answered
Your Score History
You have not taken this quiz